000 00516nam a2200181Ia 4500
001 12616
005 20260306162954.0
008 260306t2023||||xx |||||||||||||| ||spa||
041 _aESP
082 _aHR 370
_bN° 1 DIC 2023 EM
110 _aUniversidad Católica San Pablo
245 0 _aEducationis momentum :
_brevista de investigación educativa de la Universidad Católica San Pablo
260 _c2023
300 _a140 páginas :
_c24 cm.
650 _aGEN
654 _aCED
942 _cREV
_dJUS
_fJUS
_2ddc
_n
999 _c12616
_d12616